[Event "2019 Steve Boniface Memorial Congress O"]
[Site "Bristol"]
[Date "2019.06.22"]
[Round "3.12"]
[White "Kerr, Duncan"]
[Black "Waddington, Mike P"]
[Result "1/2-1/2"]
[WhiteElo "1900"]
[BlackElo "2009"]
[PlyCount "105"]
[EventDate "2019.06.21"]

1. e4 e5 2. Nf3 f5 3. Nxe5 Qf6 4. d4 d6 5. Nc4 fxe4 6. Nc3 Qg6 7. f3 exf3 8.
Qxf3 Nc6 9. Qf2 Nf6 10. Bd3 Qg4 11. O-O Be7 12. Be3 O-O 13. h3 Qh5 14. Qg3 Bd7
15. Rad1 Nb4 16. Be2 Qf7 17. Ne5 dxe5 18. dxe5 Bc6 19. exf6 Bxf6 20. Bc5 Nxa2
21. Nxa2 Qxa2 22. Bxf8 Rxf8 23. Qa3 Qxa3 24. bxa3 b6 25. Bc4+ Kh8 26. Bd5 Ba4
27. Bb3 Bc6 28. g4 h6 29. Rf4 Rc8 30. Bd5 Rd8 31. Bf3 Rxd1+ 32. Bxd1 Bb5 33. c4
Bd7 34. Bf3 Kg8 35. Bd5+ Kf8 36. Re4 Be7 37. Rf4+ Bf6 38. Re4 Be7 39. Rf4+ Ke8
40. Rf3 Bc5+ 41. Kg2 c6 42. Be4 Ke7 43. Bf5 Be8 44. Rd3 Kf6 45. Bd7 Bf7 46.
Bxc6 Bxc4 47. Rc3 Be6 48. Kf3 Ke5 49. Rd3 Bd4 50. a4 a5 51. h4 Bc4 52. Rd1 Bb3
53. Rd3 1/2-1/2

[Event "2019 Steve Boniface Memorial Congress O"]
[Site "Bristol"]
[Date "2019.06.22"]
[Round "3.13"]
[White "Dilleigh, Stephen P"]
[Black "Fowler, Hugo"]
[Result "1-0"]
[WhiteElo "2003"]
[BlackElo "1796"]
[PlyCount "65"]
[EventDate "2019.06.21"]

1. Nf3 Nf6 2. c4 g6 3. Nc3 d5 4. d4 Bg7 5. Bg5 Ne4 6. Bh4 Nxc3 7. bxc3 c5 8.
cxd5 Qxd5 9. e3 Nc6 10. Be2 O-O 11. O-O Bf5 12. Nd2 cxd4 13. cxd4 Rac8 14. Bf3
Qd7 15. Nb3 b6 16. e4 Be6 17. d5 Bxa1 18. Qxa1 Bg4 19. dxc6 Rxc6 20. Bxg4 Qxg4
21. Bxe7 Re8 22. Bf6 Qf4 23. e5 Rc2 24. Nd4 Rd2 25. Nf3 Re2 26. Qd1 Rxa2 27.
Qd7 Qa4 28. Qd5 Ra1 29. g3 Rxf1+ 30. Kxf1 a5 31. Ng5 Qa1+ 32. Kg2 Rf8 33. Be7
1-0

[Event "2019 Steve Boniface Memorial Congress O"]
[Site "Bristol"]
[Date "2019.06.22"]
[Round "3.14"]
[White "Bolt, Graham"]
[Black "Jukes, Sam"]
[Result "0-1"]
[WhiteElo "1979"]
[BlackElo "1861"]
[PlyCount "76"]
[EventDate "2019.06.21"]

1. Nf3 d5 2. g3 Nf6 3. Bg2 e6 4. O-O Be7 5. d3 O-O 6. Nbd2 b6 7. e4 Bb7 8. e5
Nfd7 9. Re1 c5 10. c3 Nc6 11. Qe2 b5 12. h4 c4 13. d4 b4 14. Nf1 a5 15. Bg5 Re8
16. N1h2 Nf8 17. Ng4 Bxg5 18. Nxg5 Ne7 19. Qf3 Nf5 20. Ne3 h6 21. Nh3 Nxe3 22.
Rxe3 Bc6 23. Nf4 Ba4 24. Rc1 Rb8 25. Qg4 bxc3 26. Nh5 Ng6 27. bxc3 Rb2 28. Re2
Qb6 29. Rce1 Rxe2 30. Qxe2 Rb8 31. f4 Qb2 32. Qf3 Bc2 33. Qe3 Qxa2 34. Bxd5
exd5 35. e6 Be4 36. exf7+ Kxf7 37. Re2 Rb1+ 38. Kf2 Qa1 0-1

[Event "2019 Steve Boniface Memorial Congress O"]
[Site "Bristol"]
[Date "2019.06.22"]
[Round "3.15"]
[White "Kan, Toby"]
[Black "Paul, Nathanael"]
[Result "1-0"]
[WhiteElo "1550"]
[BlackElo "1949"]
[PlyCount "141"]
[EventDate "2019.06.21"]

{[%evp 0,141,18,18,79,68,59,62,62,42,44,30,31,17,31,15,23,-8,21,11,26,-35,-15,
-24,-21,-5,3,-12,-16,-30,-29,-49,-39,-40,-24,-42,1,-9,11,-30,-41,-32,-35,-51,5,
-46,0,-36,-36,-85,-42,-183,-79,-152,-29,-10,-2,-10,24,24,9,-6,45,40,77,45,53,
34,38,34,49,26,58,48,51,-13,17,0,10,-22,93,6,32,-14,-17,-42,-45,-48,-62,-57,12,
-54,37,-27,38,9,114,105,164,123,127,127,127,109,115,93,522,596,600,612,628,653,
653,430,457,461,459,266,282,280,277,261,282,290,292,295,307,298,315,287,357,
313,321,290,323,367,367,340,349,360,374,272,481,520]} 1. e4 c6 2. d4 d5 3. exd5
cxd5 4. Bd3 Nc6 5. c3 Qc7 6. Na3 a6 7. Nc2 Nf6 8. h3 e5 9. dxe5 Nxe5 10. Ne2
Bd6 11. O-O O-O 12. Ncd4 Nxd3 13. Qxd3 Ne4 14. Nf3 Be6 15. Ned4 Rae8 16. Be3
Bc8 17. Ne2 Rd8 18. Rad1 Bf5 19. Ned4 Bd7 20. Rfe1 h6 21. Rc1 b5 22. Nb3 Qc4
23. Qd4 Rfe8 24. Red1 Qc8 25. Nbd2 Bc5 26. Qd3 Bxe3 27. Qxe3 Ng3 28. Ne5 Nf5
29. Qf4 g5 30. Qh2 Kg7 31. Ndf3 Be6 32. Nd4 Qc7 33. Nef3 Qxh2+ 34. Kxh2 Nd6 35.
Kg1 Nc4 36. b3 Nd6 37. Nd2 Kf6 38. Re1 Rc8 39. Re3 Re7 40. Kf1 Rec7 41. Rf3+
Kg6 42. Re3 Nf5 43. Nxf5 Kxf5 44. Nf3 Kf6 45. Nd4 Bd7 46. Ke1 Be6 47. Kd2 Rc5
48. Rf3+ Ke5 49. Re1+ Kd6 50. Ree3 Ke7 51. Nf5+ Kd7 52. Nxh6 Ke7 53. Rxf7+ Kd6
54. Rf6 Re8 55. Nf5+ Kd7 56. Nd4 Bg8 57. Rxe8 Kxe8 58. Rc6 Rxc6 59. Nxc6 Be6
60. Nd4 Bd7 61. Ke3 Ke7 62. g4 Kf6 63. f4 Bc8 64. f5 Bb7 65. Kf3 a5 66. Kg3 Ba6
67. h4 gxh4+ 68. Kxh4 b4 69. cxb4 axb4 70. Nc6 d4 71. Nxd4 1-0

[Event "2019 Steve Boniface Memorial Congress O"]
[Site "Bristol"]
[Date "2019.06.22"]
[Round "3.16"]
[White "Leroy, Jason"]
[Black "Hosdurga, Chirag"]
[Result "0-1"]
[WhiteElo "1474"]
[BlackElo "1937"]
[PlyCount "54"]
[EventDate "2019.06.21"]

{[%evp 0,22,27,18,69,69,45,28,28,38,78,67,67,74,74,21,82,72,87,61,83,75,71,42,
39]} 1. e4 c5 2. Nf3 Nc6 3. d4 cxd4 4. Nxd4 Qb6 5. Nb3 Nf6 6. Nc3 e6 7. Be2 Be7
8. Be3 Qc7 9. f4 d6 10. O-O a6 11. Qe1 O-O 12. Rd1 b5 13. a3 Bb7 14. Bf3 Rac8
15. Qg3 Rfe8 16. e5 dxe5 17. fxe5 Nd7 18. Bh6 Bf8 19. Ne4 Ncxe5 20. Bf4 Be7 21.
Rxd7 Nxf3+ 22. Rxf3 Qxd7 23. Be5 g6 24. Qf4 f5 25. Qh6 Bd8 26. Nf6+ Bxf6 27.
Bxf6 Bxf3 0-1

[Event "2019 Steve Boniface Memorial Congress O"]
[Site "Bristol"]
[Date "2019.06.22"]
[Round "3.17"]
[White "Mcgregor, John"]
[Black "Spanton, Tim R"]
[Result "0-1"]
[WhiteElo "1882"]
[BlackElo "1884"]
[Annotator "Tipper, Dave"]
[PlyCount "80"]
[EventDate "2019.06.21"]

{[%evp 0,80,28,30,50,23,29,15,39,23,22,34,34,4,6,6,6,9,9,-4,41,40,41,31,35,40,
33,45,45,8,3,-13,-15,-23,6,20,16,16,16,19,48,52,48,47,57,32,45,25,49,49,45,52,
45,58,63,54,58,56,72,20,11,10,3,8,17,28,34,22,29,26,25,36,38,11,31,34,24,19,79,
65,66,-63,-59]} 1. e4 e6 2. d4 d5 3. Nc3 Bb4 4. exd5 exd5 5. Bd3 Nf6 6. a3
Bxc3+ 7. bxc3 O-O 8. Ne2 Re8 9. O-O Bg4 10. f3 Bh5 11. Rb1 b6 12. Nf4 Qd6 13.
Nxh5 Nxh5 14. f4 Nf6 15. f5 Nbd7 16. Qf3 c5 17. Bf4 Qe7 18. Bb5 cxd4 19. cxd4
Qe4 20. Qxe4 Rxe4 21. c3 Rc8 22. Bd2 Nb8 23. Bd3 Re7 24. Rbe1 Ne4 25. Bxe4 Rxe4
26. Rxe4 dxe4 27. Re1 Re8 28. Kf2 Nc6 29. Rb1 Na5 30. Rb4 f6 31. Ke3 g6 32. g4
gxf5 33. gxf5 Kf7 34. Be1 Rc8 35. a4 Nb7 36. Bg3 Rxc3+ 37. Kxe4 Ke7 38. Kd5 Kd7
39. Bb8 Na5 40. Bg3 Nc6 {White lost on time} 0-1

[Event "2019 Steve Boniface Memorial Congress O"]
[Site "Bristol"]
[Date "2019.06.22"]
[Round "3.18"]
[White "Stubbs, Oliver"]
[Black "Turner, Joseph D"]
[Result "1-0"]
[WhiteElo "1870"]
[BlackElo "1844"]
[PlyCount "145"]
[EventDate "2019.06.21"]

1. d4 Nf6 2. Nf3 g6 3. Bf4 Bg7 4. Nbd2 c5 5. e3 Nc6 6. c3 Nd5 7. Bg3 cxd4 8.
cxd4 O-O 9. Bc4 Nb6 10. Bb3 d6 11. O-O Na5 12. Bc2 Bg4 13. h3 Bh5 14. Bh4 f5
15. b4 Nac4 16. Bb3 d5 17. Bxc4 dxc4 18. Rc1 Rc8 19. a4 Qd7 20. a5 Bxf3 21.
Nxf3 Nd5 22. Ne5 Bxe5 23. dxe5 Qe6 24. Qd4 Nxb4 25. Qxa7 Nd3 26. Rc2 Rc7 27.
Rb1 Qxe5 28. Bg3 Qc5 29. Qxc5 Rxc5 30. Rxb7 Ra8 31. Bc7 c3 32. Bb6 Nb4 33. Bxc5
Nxc2 34. Bxe7 Ne1 35. Rc7 c2 36. Bb4 Nd3 37. Bd2 c1=Q+ 38. Bxc1 Rxa5 39. Rc3
Nb4 40. Bb2 Nd5 41. Rc8+ Kf7 42. Rh8 h5 43. Rh7+ Ke6 44. Rg7 Ne7 45. Bc3 Rb5
46. Kf1 Rb3 47. Bd4 Rb5 48. Ke2 Ra5 49. Bb6 Ra2+ 50. Kf3 f4 51. exf4 Ra3+ 52.
Ke2 Ra2+ 53. Kd3 Ra3+ 54. Kc2 Ra6 55. Bc5 Kd5 56. Bxe7 Ra2+ 57. Kd3 Rxf2 58.
Rxg6 Rxf4 59. Rd6+ Ke5 60. Rh6 Rf2 61. Bd6+ Kd5 62. g3 Rf3+ 63. Ke2 Rf5 64. Bf4
Ke4 65. Rh8 Rb5 66. Re8+ Kf5 67. Kf3 Rb3+ 68. Be3 Kg6 69. Re5 h4 70. g4 Rb1 71.
Rg5+ Kf6 72. Rh5 Rf1+ 73. Bf2 1-0

[Event "2019 Steve Boniface Memorial Congress O"]
[Site "Bristol"]
[Date "2019.06.22"]
[Round "3.19"]
[White "Paleri, Adithya P"]
[Black "Smith, Lynda"]
[Result "0-1"]
[WhiteElo "1854"]
[BlackElo "1825"]
[PlyCount "112"]
[EventDate "2019.06.21"]

1. d4 f5 2. g3 Nf6 3. Bg2 g6 4. Nf3 Bg7 5. O-O O-O 6. c4 d6 7. Nc3 c6 8. Qb3
Na6 9. Bf4 Nh5 10. Bd2 e5 11. c5+ Kh8 12. Bg5 Qe8 13. cxd6 exd4 14. Nd1 Bf6 15.
Bxf6+ Rxf6 16. Nxd4 Rxd6 17. Nf3 Qe6 18. Qc3+ Qf6 19. Ne3 Be6 20. Ng5 Bg8 21.
Qxf6+ Nxf6 22. b3 Rad8 23. Nc4 Bxc4 24. bxc4 Kg7 25. a3 Nc5 26. Nf3 Nfe4 27.
Ra2 Nd2 28. Rc1 Nxf3+ 29. Bxf3 Rd1+ 30. Rxd1 Rxd1+ 31. Kg2 Rc1 32. e3 Rxc4 33.
Be2 Rc3 34. Kf1 Rc1+ 35. Kg2 Kf6 36. Kf3 Rc3 37. g4 Ne6 38. h4 Nd4+ 39. Kf4
Nxe2+ 40. Rxe2 Rc4+ 41. e4 Rxe4+ 42. Rxe4 fxe4 43. Kxe4 Ke6 44. f4 a5 45. Kd4
b5 46. Kc5 b4 47. axb4 axb4 48. Kxb4 Kd5 49. f5 gxf5 50. gxf5 Ke5 51. Kc5 Kxf5
52. Kxc6 Kg4 53. Kd5 Kxh4 54. Ke4 Kg3 55. Ke3 h5 56. Ke2 Kg2 0-1

[Event "2019 Steve Boniface Memorial Congress O"]
[Site "Bristol"]
[Date "2019.06.22"]
[Round "3.20"]
[White "Cizek, Ondrej"]
[Black "Hussain, Adam"]
[Result "0-1"]
[WhiteElo "1846"]
[BlackElo "1475"]
[PlyCount "168"]
[EventDate "2019.06.21"]

1. e4 e6 2. d3 d5 3. Nd2 c5 4. g3 Nc6 5. Bg2 d4 6. Ngf3 e5 7. O-O Bd6 8. Nc4
Bc7 9. a4 Qe7 10. Ne1 Be6 11. b3 O-O-O 12. f4 f6 13. Nf3 Rf8 14. Nh4 Bd7 15.
Bd2 Qe8 16. Qe2 Nge7 17. fxe5 fxe5 18. Rab1 a5 19. Na3 h6 20. Nb5 Bb8 21. Bf3
g5 22. Bh5 Qd8 23. Ng2 b6 24. Rf2 Rxf2 25. Qxf2 Rf8 26. Qe2 Ng8 27. Bg4 Nf6 28.
Bxd7+ Qxd7 29. Rf1 Ne7 30. Na3 Bc7 31. Nc4 Ng6 32. Ne1 Rf7 33. Rf2 Qe6 34. Qf1
Bd8 35. Rf5 Bc7 36. Qe2 Ne7 37. Rf2 Rg7 38. Kg2 Rg8 39. h3 Kd8 40. Nf3 g4 41.
Ng1 gxh3+ 42. Nxh3 Ng6 43. Ng1 Nf4+ 44. Bxf4 exf4 45. e5 Rxg3+ 46. Kf1 Nd5 47.
Qh5 Qg4 48. Qxg4 Rxg4 49. Rh2 Rg6 50. Nf3 Ne3+ 51. Nxe3 fxe3 52. Ke2 Re6 53.
Rh5 Ke7 54. c3 dxc3 55. Kxe3 Kf7 56. Ke4 Rg6 57. Rh2 Ke6 58. Kf4 Bb8 59. Rc2 h5
60. Ng5+ Kd5 61. Kf5 Rg8 62. e6 Be5 63. Nf7 Bd4 64. Re2 Re8 65. Ng5 c2 66. Rxc2
Be3 67. Ne4 Rxe6 68. Rg2 Re5+ 69. Kf6 Re6+ 70. Kf5 Rh6 71. Nf6+ Kd4 72. Rg3 h4
73. Rh3 Rh8 74. Ng4 Rf8+ 75. Ke6 Bf2 76. Nxf2 Rxf2 77. Rxh4+ Kxd3 78. Rh3+ Kc2
79. Kd5 Rf4 80. Rh6 Rb4 81. Rh3 Rxb3 82. Rh2+ Kc3 83. Rh3+ Kb4 84. Rh4+ Ka3 0-1

[Event "2019 Steve Boniface Memorial Congress O"]
[Site "Bristol"]
[Date "2019.06.22"]
[Round "3.21"]
[White "Juciute, Einora"]
[Black "Cetens, Edward"]
[Result "1-0"]
[WhiteElo "1741"]
[BlackElo "1850"]
[PlyCount "45"]
[EventDate "2019.06.21"]

1. e4 c5 2. Nf3 e6 3. d4 cxd4 4. Nxd4 a6 5. Bd3 Nc6 6. Nxc6 dxc6 7. O-O Nf6 8.
e5 Nd5 9. a3 Be7 10. Qg4 g6 11. Rd1 Qc7 12. c4 Nb6 13. Be3 Nd7 14. f4 b6 15.
Nc3 Bb7 16. Ne4 c5 17. Ng5 Bxg5 18. Qxg5 O-O 19. Rd2 Nb8 20. h4 h5 21. Rad1 Nc6
22. Bxg6 fxg6 23. Rd7 1-0

[Event "2019 Steve Boniface Memorial Congress O"]
[Site "Bristol"]
[Date "2019.06.22"]
[Round "3.22"]
[White "Fielding, Michael"]
[Black "Fava, Lorenzo"]
[Result "0-1"]
[WhiteElo "1784"]
[BlackElo "1603"]
[PlyCount "124"]
[EventDate "2019.06.21"]

1. e4 c5 2. Nf3 d6 3. d4 cxd4 4. Nxd4 Nf6 5. Nc3 a6 6. Be3 e6 7. Qd2 Be7 8.
O-O-O Qc7 9. f3 Nc6 10. g4 Nd7 11. f4 Rb8 12. f5 Nde5 13. fxe6 fxe6 14. g5 O-O
15. Bh3 Nxd4 16. Qxd4 Nf3 17. Qd3 Nxg5 18. Bg4 b5 19. h4 Nf3 20. Qe2 Ne5 21.
Qg2 Bd7 22. Rhg1 Bf6 23. Ne2 Rbc8 24. c3 b4 25. Bh3 bxc3 26. Nxc3 Nc4 27. Bd4
Bxd4 28. Rxd4 Rf7 29. Rd3 Re8 30. Bg4 Ne5 31. Rg3 Nxg4 32. Rxg4 Bb5 33. Qd2 Bc4
34. Kb1 Ref8 35. R1g2 Qb6 36. Nd1 d5 37. exd5 Bxd5 38. Rg1 Rd8 39. Qc3 Qa7 40.
Ne3 Bf3 41. R4g3 Be4+ 42. Ka1 Rdf8 43. Qe5 Bd5 44. h5 Qc7 45. Qxc7 Rxc7 46.
Nxd5 exd5 47. Rg5 d4 48. Rd5 Rf4 49. a3 Kf7 50. Rd6 a5 51. Rg5 a4 52. Ra5 Ke7
53. Rdd5 Rc4 54. Ra7+ Ke6 55. Rad7 g5 56. R7d6+ Kf7 57. Rd7+ Kf6 58. R7d6+ Kg7
59. h6+ Kf7 60. Rxg5 Rc1+ 61. Ka2 Rff1 62. Rg7+ Ke8 0-1

[Event "2019 Steve Boniface Memorial Congress O"]
[Site "Bristol"]
[Date "2019.06.22"]
[Round "3.23"]
[White "Walker, Max"]
[Black "Lovell, William Pm"]
[Result "0-1"]
[WhiteElo "1694"]
[BlackElo "1784"]
[PlyCount "120"]
[EventDate "2019.06.21"]

1. e4 c5 2. Nf3 Nc6 3. d4 cxd4 4. Nxd4 e5 5. Nb5 d6 6. N1c3 a6 7. Na3 Be7 8.
Nd5 Nf6 9. Be3 Nxd5 10. exd5 Nb8 11. Nc4 Nd7 12. Qd2 b5 13. Na5 Nf6 14. Nc6 Qc7
15. Nxe7 Qxe7 16. c4 bxc4 17. Bxc4 O-O 18. f3 Bb7 19. O-O Rfc8 20. Rfc1 h6 21.
b4 Qd8 22. a4 Kf8 23. a5 Nd7 24. Bb3 Rxc1+ 25. Rxc1 Rc8 26. Bc4 Kg8 27. Qd3 Ra8
28. Ra1 Qc7 29. Bb3 Rc8 30. Rc1 Qd8 31. Ba4 Rxc1+ 32. Bxc1 Qc8 33. Ba3 Qc7 34.
Bxd7 Qxd7 35. Bc1 Qb5 36. Qxb5 axb5 37. Be3 Kf8 38. Kf1 Bxd5 39. f4 f6 40. g3
Bb7 41. Ke2 Ke7 42. Kd3 g5 43. fxg5 fxg5 44. h4 gxh4 45. gxh4 h5 46. Ba7 Ke6
47. Bb8 d5 48. Bc7 Kf5 49. Bd8 d4 50. Bg5 Ke6 51. Bd8 Kd5 52. Ke2 e4 53. Bc7
Kc4 54. Bd6 Kc3 55. Be5 Bc8 56. Bf6 e3 57. Be5 Bg4+ 58. Ke1 Bf3 59. a6 Kc4 60.
Bf4 Kxb4 0-1

[Event "2019 Steve Boniface Memorial Congress O"]
[Site "Bristol"]
[Date "2019.06.23"]
[Round "4.1"]
[White "Seymour, Timothy P"]
[Black "Willow, Jonah B"]
[Result "0-1"]
[WhiteElo "2110"]
[BlackElo "2338"]
[PlyCount "110"]
[EventDate "2019.06.21"]

{[%evp 0,98,19,27,62,20,19,16,16,14,14,13,17,41,51,23,44,33,33,33,23,40,23,30,
23,23,22,9,61,59,54,58,79,65,69,21,68,26,49,-58,-17,-80,-31,-86,-83,-95,-97,
-98,-22,-6,-37,-47,-38,-25,-15,-15,143,143,132,147,157,-74,-14,-14,-14,-60,-60,
-52,-41,-41,-52,-65,-58,-57,-20,-32,-32,-25,-13,-42,-70,-117,-117,-105,-105,
-108,-108,-108,-115,-116,-106,-157,-177,-170,-177,-211,-177,-365,-424,-452,
-286]} 1. Nf3 c5 2. c4 Nc6 3. e3 Nf6 4. d4 cxd4 5. exd4 d5 6. Nc3 g6 7. cxd5
Nxd5 8. Qb3 e6 9. Bg5 Be7 10. Bh6 Bf8 11. Bg5 Be7 12. Bh6 a6 13. Bd3 Qb6 14.
Qxb6 Nxb6 15. O-O f6 16. Rfe1 Kf7 17. a3 Bd7 18. Ne4 Rac8 19. Rac1 g5 20. h4 g4
21. Nh2 f5 22. Nc5 Nxd4 23. Nxb7 Nb3 24. Rcd1 Bc6 25. Bxa6 Bd5 26. Be3 Na4 27.
Bg5 Rc7 28. Bxe7 Rxe7 29. Nd6+ Kf6 30. Bc4 Bxc4 31. Nxc4 Rc8 32. Nd2 Nxb2 33.
Nxb3 Nxd1 34. Rxd1 Rc3 35. Nc1 Rxa3 36. Ne2 e5 37. g3 Ke6 38. Nf1 Ra2 39. Nc3
Rc2 40. Nd5 Rd7 41. Nfe3 Rc5 42. Ra1 Rcxd5 43. Nxd5 Kxd5 44. Kf1 f4 45. f3 gxf3
46. gxf4 e4 47. Kf2 Rc7 48. Rd1+ Ke6 49. Ke3 Rc4 50. Rg1 h6 51. Rg8 Rc3+ 52.
Kf2 Rc2+ 53. Kf1 Kf5 54. Rf8+ Kg4 55. f5 e3 0-1

[Event "2019 Steve Boniface Memorial Congress O"]
[Site "Bristol"]
[Date "2019.06.23"]
[Round "4.2"]
[White "Brozel, Sacha"]
[Black "Arkell, Keith C"]
[Result "1/2-1/2"]
[WhiteElo "2144"]
[BlackElo "2467"]
[PlyCount "128"]
[EventDate "2019.06.21"]

{[%evp 0,94,19,9,42,-27,9,-1,-16,-33,-2,-17,21,-23,-15,-22,12,14,14,15,15,11,
51,50,77,56,49,45,47,24,43,21,29,23,32,30,49,35,-1,32,67,9,61,65,59,62,60,33,
35,-1,-12,-25,-25,-32,-41,0,-31,-30,-14,-29,-30,-21,-24,-42,-32,-38,-38,-32,-8,
-70,-49,-63,-38,-38,-38,-38,0,0,27,33,143,155,164,288,316,0,0,0,22,0,68,69,97,
26,126,42,22]} 1. d4 Nf6 2. c4 c5 3. Nf3 cxd4 4. Nxd4 Nc6 5. Nc3 e6 6. g3 Bc5
7. Nb3 Be7 8. Bg2 O-O 9. O-O d6 10. Nd4 Nxd4 11. Qxd4 a6 12. Be3 Rb8 13. Rfd1
Bd7 14. Qd3 Bc6 15. Bf4 Bxg2 16. Kxg2 Qb6 17. b3 Qc6+ 18. Qf3 Rbc8 19. Rd3 h6
20. Rad1 Rfd8 21. Qxc6 Rxc6 22. e4 g5 23. Bc1 Nd7 24. f3 Ne5 25. Re3 b5 26.
cxb5 axb5 27. Ba3 Ra6 28. Bb4 Nc6 29. a3 Nxb4 30. axb4 Rb8 31. f4 Ra3 32. Ne2
Ra2 33. Kf3 Rb2 34. Ra1 Bd8 35. h3 h5 36. fxg5 Bxg5 37. Rd3 Rc8 38. Nf4 Rcc2
39. Nxh5 d5 40. Kg4 Be7 41. Ra8+ Kh7 42. Rf3 Rf2 43. Ra7 Rxf3 44. Kxf3 dxe4+
45. Kxe4 Bxb4 46. g4 Rf2 47. Rb7 Bd6 48. Rxb5 Kg6 49. Ke3 Rf1 50. Rb7 Be5 51.
Rb5 Bd6 52. Rb7 Rh1 53. Nf4+ Bxf4+ 54. Kxf4 Rxh3 55. b4 f6 56. Rb8 Rb3 57. b5
Rb4+ 58. Kf3 Rb3+ 59. Ke4 Kg5 60. Rg8+ Kh6 61. Rb8 Kg5 62. Rg8+ Kh4 63. Rg6
Rb4+ 64. Kf3 Rb3+ 1/2-1/2

[Event "2019 Steve Boniface Memorial Congress O"]
[Site "Bristol"]
[Date "2019.06.23"]
[Round "4.3"]
[White "Brown, Tom"]
[Black "Merry, Alan B"]
[Result "0-1"]
[WhiteElo "2081"]
[BlackElo "2441"]
[PlyCount "42"]
[EventDate "2019.06.21"]

{[%evp 0,42,33,27,60,52,77,15,26,26,32,25,128,94,99,94,90,55,91,87,94,63,63,-9,
0,0,0,-15,-15,-71,-117,-491,-1041,-1028,-1140,-1195,-1181,-1181,-1206,-1280,
-636,-639,-632,-29999,-30000]} 1. d4 c5 2. d5 g6 3. c4 Bg7 4. e4 d6 5. Nf3 e6
6. Bd3 Ne7 7. h3 O-O 8. O-O e5 9. Nc3 f5 10. Ng5 f4 11. g4 Nxd5 12. Nxd5 Qxg5
13. Nc7 Qh4 14. Nxa8 f3 15. Re1 Qxh3 16. Bf1 Qxg4+ 17. Kh1 Qh4+ 18. Kg1 Bh3 19.
Re3 Qg4+ 20. Kh2 Bg2 21. Bxg2 Qxg2# 0-1

[Event "2019 Steve Boniface Memorial Congress O"]
[Site "Bristol"]
[Date "2019.06.23"]
[Round "4.4"]
[White "Villiers, Thomas"]
[Black "Munshi, Aditya"]
[Result "1/2-1/2"]
[WhiteElo "2208"]
[BlackElo "2108"]
[PlyCount "140"]
[EventDate "2019.06.21"]

1. Nf3 d5 2. d4 Nf6 3. c4 e6 4. g3 Be7 5. Bg2 O-O 6. O-O dxc4 7. Qc2 a6 8. a4
Bd7 9. Nbd2 Bc6 10. Qxc4 a5 11. Re1 Bd5 12. Qc2 Na6 13. e4 Nb4 14. Qc3 Bc6 15.
Ne5 Be8 16. Nb3 Nd7 17. Nc4 Nb6 18. Ncxa5 Nxa4 19. Qd2 b6 20. Nc4 Bb5 21. Na3
Ba6 22. Nc2 Nxc2 23. Qxc2 Bb7 24. Bf4 c5 25. Red1 Qc8 26. d5 exd5 27. exd5 Bf6
28. Ra2 b5 29. Be4 g6 30. Bd6 c4 31. Nd4 Rd8 32. Nxb5 Ba6 33. Rxa4 Bxb5 34.
Rxa8 Qxa8 35. Bc7 Ba4 36. Qb1 Bxd1 37. Bxd8 Qxd8 38. Qxd1 Bxb2 39. Qe2 c3 40.
Qc4 Qd6 41. Bc2 h5 42. Qc6 Ba3 43. Qxc3 Bc5 44. Be4 Qb6 45. Qc2 Qd6 46. Kg2 Qb6
47. h4 Qd6 48. Qa4 Qe7 49. Bf3 Bd6 50. Qc2 Bc5 51. Qb3 Bd6 52. Qd1 Bc5 53. Bxh5
gxh5 54. Qxh5 Qe4+ 55. Qf3 Qd4 56. Qf5 Kg7 57. h5 Kg8 58. h6 Kf8 59. h7 Kg7 60.
h8=Q+ Kxh8 61. Qxf7 Qe4+ 62. f3 Qc2+ 63. Kh3 Qh7+ 64. Qxh7+ Kxh7 65. Kg4 Kg6
66. f4 Bd6 67. Kf3 Kf5 68. Ke3 Kg4 69. Kf2 Bc5+ 70. Kg2 Bd6 1/2-1/2

[Event "2019 Steve Boniface Memorial Congress O"]
[Site "Bristol"]
[Date "2019.06.23"]
[Round "4.5"]
[White "Murphy, Conor E"]
[Black "Dilleigh, Stephen P"]
[Result "1-0"]
[WhiteElo "2361"]
[BlackElo "2003"]
[PlyCount "131"]
[EventDate "2019.06.21"]

{[%evp 0,39,33,37,46,30,43,46,46,5,-11,40,40,35,76,64,64,76,55,-13,34,49,2,-6,
46,44,77,26,1,17,17,23,71,7,-14,-8,-8,-10,10,-12,33,47]} 1. e4 e6 2. d4 d5 3.
Nd2 c5 4. exd5 Qxd5 5. Ngf3 cxd4 6. Bc4 Qd7 7. O-O Nc6 8. Nb3 Nf6 9. Qe2 a6 10.
a4 Bd6 11. Rd1 Qc7 12. Nbxd4 Nxd4 13. Rxd4 O-O 14. Bg5 e5 15. Rh4 Bf5 16. Bxf6
gxf6 17. Bd3 Bg6 18. Rg4 Kh8 19. Nh4 Rg8 20. Qf3 Be7 21. Nf5 Bf8 22. Rh4 Rd8
23. Be4 Qd7 24. b3 b6 25. Rf1 Qe6 26. Kh1 Bc5 27. b4 Bf8 28. c3 Qd7 29. Rg1 Qd2
30. Ng3 Be7 31. Bxg6 fxg6 32. Ne4 Qd3 33. Nxf6 Rg7 34. Rh3 Qxf3 35. Rxf3 Rf7
36. Ne4 Rxf3 37. gxf3 Rd3 38. Kg2 Kg7 39. Re1 Kf7 40. Re2 Rd1 41. b5 axb5 42.
axb5 Rb1 43. c4 Rc1 44. Ra2 Rxc4 45. Ra6 Bc5 46. Ra7+ Ke6 47. Rxh7 Rb4 48. Rg7
Rxb5 49. Rxg6+ Kf7 50. Rg5 Be7 51. Rh5 Kg6 52. Rh8 Rd5 53. Rb8 Bc5 54. Nxc5
bxc5 55. Rc8 Kf5 56. h4 Rd4 57. Kg3 Rc4 58. Rc6 Rc1 59. h5 Rh1 60. Rxc5 Rxh5
61. f4 Ke6 62. Rxe5+ Rxe5 63. fxe5 Kxe5 64. Kg4 Kf6 65. Kf4 Ke6 66. Kg5 1-0

[Event "2019 Steve Boniface Memorial Congress O"]
[Site "Bristol"]
[Date "2019.06.23"]
[Round "4.6"]
[White "Beaumont, Chris R"]
[Black "Hosdurga, Chirag"]
[Result "1/2-1/2"]
[WhiteElo "2264"]
[BlackElo "1937"]
[PlyCount "57"]
[EventDate "2019.06.21"]

1. c4 e5 2. Nc3 Nf6 3. Nf3 Nc6 4. e3 Bb4 5. Qc2 O-O 6. Nd5 Re8 7. Qf5 d6 8.
Nxf6+ gxf6 9. Qh5 e4 10. Nd4 d5 11. a3 Bf8 12. Qxd5 Qxd5 13. cxd5 Nxd4 14. exd4
Rd8 15. Bc4 a6 16. d3 b5 17. Ba2 exd3 18. Be3 Bb7 19. Rc1 Rac8 20. Kd2 Bxd5 21.
Bxd5 Rxd5 22. Rc6 f5 23. Kxd3 Bg7 24. Rhc1 Bxd4 25. Bxd4 Rcd8 26. R6c2 Rxd4+
27. Kc3 Rd3+ 28. Kb4 R8d4+ 29. Kc5 1/2-1/2

[Event "2019 Steve Boniface Memorial Congress O"]
[Site "Bristol"]
[Date "2019.06.23"]
[Round "4.7"]
[White "Spanton, Tim R"]
[Black "Krzyzanowski, Patryk"]
[Result "0-1"]
[WhiteElo "1884"]
[BlackElo "2100"]
[PlyCount "282"]
[EventDate "2019.06.21"]

1. e4 c5 2. Nc3 Nc6 3. Nge2 Nf6 4. g3 d6 5. Bg2 g5 6. d4 cxd4 7. Nxd4 Nxd4 8.
Qxd4 Rg8 9. e5 Ng4 10. exd6 e5 11. Qd3 Qxd6 12. Qb5+ Qd7 13. h3 Nf6 14. Qxe5+
Qe7 15. Qxe7+ Bxe7 16. Nb5 Kf8 17. Be3 Bf5 18. Nd4 Bd7 19. O-O-O Rb8 20. Kb1 b6
21. Nc6 Bxc6 22. Bxc6 Rc8 23. Bg2 Bc5 24. Rhe1 Bxe3 25. Rxe3 Rc7 26. Rd8+ Kg7
27. Rxg8+ Nxg8 28. c3 Nf6 29. Kc2 h5 30. Re5 Kg6 31. Bf1 Rd7 32. Bd3+ Kh6 33.
h4 gxh4 34. gxh4 Ng4 35. Rf5 Re7 36. Kd2 Rd7 37. b3 Rd6 38. Rf4 Ne5 39. Rd4
Nf3+ 40. Ke3 Nxd4 41. cxd4 Kg7 42. Be2 f5 43. Bxh5 Rh6 44. Bf3 Rxh4 45. a4 Kf6
46. Bd5 Rh3+ 47. f3 Kg5 48. Be6 Kf6 49. Bd5 Rh7 50. Bc4 Re7+ 51. Kf4 Rd7 52.
Ke3 Rd6 53. Bd3 Kg5 54. Bc4 Kg6 55. Bd3 Kf6 56. Bc4 Kg5 57. f4+ Kg4 58. Be2+
Kg3 59. Bc4 Rc6 60. d5 Rc8 61. d6 Rd8 62. Bd3 Rxd6 63. Bxf5 Rc6 64. Kd4 Kxf4
65. Bd3 Rd6+ 66. Kc3 Ke3 67. Bc4 Rd1 68. Kb4 Kd4 69. a5 bxa5+ 70. Kxa5 Kc5 71.
Bb5 Rd6 72. b4+ Kd4 73. Ba6 Kc3 74. b5 Rb6 75. Ka4 Kc4 76. Ka5 Kb3 77. Bc8 Ka3
78. Bd7 Kb3 79. Bc6 Kc4 80. Bd7 Rd6 81. Bc8 Kc5 82. Ba6 Rb6 83. Ka4 Rb8 84. Ka5
Rd8 85. Ka4 Rd3 86. Bb7 Rd4+ 87. Ka5 Rd1 88. Ka4 Ra1+ 89. Kb3 Rb1+ 90. Ka3 Kxb5
91. Be4 Rd1 92. Kb3 a5 93. Bc2 a4+ 94. Ka3 Ra1+ 95. Kb2 Re1 96. Ka3 Re3+ 97.
Ka2 Re2 98. Kb1 Kb4 99. Bd3 Rd2 100. Bf5 Rf2 101. Be6 Ka3 102. Bc4 Rd2 103. Be6
Rb2+ 104. Ka1 Rf2 105. Kb1 Rf1+ 106. Kc2 Rf6 107. Bd5 Rb6 108. Bf7 Rb7 109. Be6
Rb8 110. Bf7 Rf8 111. Be6 Rf6 112. Bg8 Rg6 113. Bf7 Rg5 114. Be6 Rg7 115. Kb1
Rb7+ 116. Kc1 Rb2 117. Bf7 Rb3 118. Kc2 Rf3 119. Be6 Kb4 120. Kb2 Rf2+ 121. Ka1
Kc3 122. Bd7 Rf7 123. Be8 Re7 124. Bc6 Re6 125. Bd7 Rd6 126. Be8 Rf6 127. Ka2
Kb4 128. Bd7 Rf2+ 129. Kb1 Re2 130. Bg4 Re4 131. Bf5 Re5 132. Bg6 Re3 133. Bf7
Kc3 134. Ka2 Rf3 135. Be6 Rf8 136. Bd7 a3 137. Bc6 Rf2+ 138. Kb1 a2+ 139. Ka1
Kb3 140. Bd5+ Ka3 141. Bc4 Rc2 0-1